000 00576nam a2200205 4500
001 6730
005 20230410105516.0
008 060907n1997 dr spa
020 _a0135052645
035 _9funglode6793
041 _aEN
050 1 4 _aHC 59 B534g 1997
100 _aBerry, Brian J. L
245 1 4 _aThe global economy in transition /
_cBrian J. L. Berry, Edgar C. Conkling, D. Michael Ray
250 _a6
260 _aNew Jersey :
_bPrentice Hall,
_c1997
300 _a498 p.
700 _aConkling, Edgar C. \ Ray, D. Michael
942 _2lcc
_cbk
999 _c38150
_d38150